|
|
|
|
| LEADER |
00000cam a2200000 a 4500 |
| 001 |
vtls011740539 |
| 003 |
SK-MaSNL |
| 005 |
20260311133649.0 |
| 008 |
250312s1956 xo 000 0 slo |
| 015 |
|
|
|a SNBA2018/02
|
| 035 |
|
|
|a urn:nbn:sk:snk-am00cvee
|
| 035 |
|
|
|a urn:nbn:sk:snk-am3hoak
|
| 035 |
|
|
|a 9FCBD129-6658-468A-B4FD-C39E12B0833F
|
| 040 |
|
|
|a SNK
|b slo
|c SNK
|e AACR2
|
| 041 |
0 |
|
|a slo
|
| 043 |
|
|
|a e-cs---
|
| 044 |
|
|
|a xo
|c SK
|
| 080 |
|
|
|a 614.84
|2 2011
|
| 080 |
|
|
|a (437)
|2 2011
|
| 080 |
|
|
|a (062.13)
|2 2011
|
| 245 |
0 |
0 |
|a Rokovací poriadok orgánov Československého sväzu požiarnej ochrany
|
| 260 |
|
|
|a [Bratislava]
|b Československý sväz požiarnej ochrany
|c 1956
|e Nitra
|f Nitrianske tlačiarne
|
| 300 |
|
|
|a 21, [2] s.
|c 12°
|
| 610 |
0 |
7 |
|a Československý zväz požiarnej ochrany
|2 SNKKA
|9 174839
|
| 650 |
0 |
7 |
|a požiarna ochrana
|2 SNKPH
|9 1501
|
| 651 |
|
7 |
|a Československo
|2 SNKPHge
|9 21376
|
| 655 |
|
7 |
|a rokovacie poriadky
|2 SNKPH
|9 63380
|
| 655 |
|
7 |
|a stanovy
|2 SNKPH
|9 70547
|
| 852 |
|
|
|a Slovenská národná knižnica
|
| 958 |
|
|
|a OND
|
| 958 |
|
|
|a TL
|
| 958 |
|
|
|a RK
|
| 958 |
|
|
|a BQ
|
| 999 |
|
|
|c 854849
|d 856779
|
| 952 |
|
|
|a SNK
|b SNK
|y VYP
|7 0
|p 17A1189533
|o snkSE 2114 D1
|i snkKSP 3512/54
|0 0
|1 0
|4 0
|d 2018-03-19
|l 0
|r 2026-02-24 04:53:33
|w 2026-02-24
|
| 952 |
|
|
|a SNK
|b SNK
|y PREZ
|7 0
|p 17A0721048
|o snkSE 2114
|i snkKSP 3511/57
|0 0
|1 0
|4 0
|d 2018-02-06
|f 1
|l 0
|r 2026-02-24 04:53:33
|w 2026-02-24
|